000 00358nam a22001457a 4500
020 _a8178085658
040 _cNUST
082 _a621.3815324
_bHAY
100 _aSimon Haykin
_9114061
245 _aAdaptive Filter Theory
250 _aFourth Edition
260 _aIndia:
_bPearson Education,
_c2002.
650 _2Adaptive Filter Theory
942 _2ddc
_cBK
999 _c610467
_d610467